Một số quy định của nhà nước về quản lý giá

में बचाया:
ग्रंथसूची विवरण
स्वरूप: पुस्तक
भाषा:Undetermined
प्रकाशित: Hà Nội CTQG 2002
विषय:
टैग : टैग जोड़ें
कोई टैग नहीं, इस रिकॉर्ड को टैग करने वाले पहले व्यक्ति बनें!
Thư viện lưu trữ: Trung tâm Học liệu Trường Đại học Cần Thơ
LEADER 00427nam a2200145Ia 4500
001 CTU_49120
008 210402s9999 xx 000 0 und d
082 |a 343.597083 
082 |b M458 
245 0 |a Một số quy định của nhà nước về quản lý giá 
260 |a Hà Nội 
260 |b CTQG 
260 |c 2002 
650 |a price regulation 
980 |a Trung tâm Học liệu Trường Đại học Cần Thơ